Cartulaires de l'église de Térouane,
Saved in:
| Corporate Authors: | , |
|---|---|
| Other Authors: | , |
| Format: | Book |
| Language: | French |
| Published: |
Saint-Omer :
Imprimerie Fleury-Lemaire,
1881.
|
| Subjects: | |
| Tags: |
Add Tag
No Tags, Be the first to tag this record!
|
| LEADER | 00813nam a2200253M 4500 | ||
|---|---|---|---|
| 001 | 003677075-2 | ||
| 005 | 20020606093309.7 | ||
| 008 | 920526s1881 fr 000 0 fre | ||
| 010 | |a 07022381 | ||
| 035 | 0 | |a ocm26106014 | |
| 040 | |a DLC |c PAU |d m.c. |d HLS | ||
| 043 | |a e-fr--- | ||
| 050 | |a DC801.T4 |b A2 | ||
| 110 | 2 | |a Catholic Church. |b Diocese of Thérouanne (France) | |
| 245 | 1 | 0 | |a Cartulaires de l'église de Térouane, |c pub. par Th. Duchet & A. Giry. |
| 260 | |a Saint-Omer : |b Imprimerie Fleury-Lemaire, |c 1881. | ||
| 300 | |a [4], 437, [1] p. ; |c 28 cm. | ||
| 500 | |a At head of title: Société des antiquaires de la Morinie. | ||
| 650 | 0 | |a Cartularies. | |
| 700 | 1 | |a Duchet, T. | |
| 700 | 1 | |a Giry, Arthur, |d 1848-1899. | |
| 710 | 2 | |a Société des antiquaires de la Morinie. | |
| 988 | |a 20020608 | ||
| 906 | |0 DLC | ||


